000 00384nam a22001697a 4500
005 20160528140807.0
008 160528b xxu||||| |||| 00| 0 eng d
020 _a978-81-203-0484-0
041 _aeng
082 _b5831
100 _aLuck & Rubin
_91460
245 _aMarketing Research
260 _aNew Delhi
_bPHI,
300 _a677
650 _aManagement
_9241
942 _cBK
999 _c2069
_d2068